[Event "VIII Open Autunno"]
[Site "Robecchetto con Induno ITA"]
[Date "2011.10.20"]
[Round "1"]
[White "Alberio, Silvio"]
[Black "Puricelli, Giancarlo"]
[Result "1/2-1/2"]
[WhiteElo "1763"]
[BlackElo "1586"]
[PlyCount "60"]
[EventDate "2011.10.20"]

1. d4 Nf6 2. c4 g6 3. Nc3 Bg7 4. e4 d6 5. Be2 O-O 6. Nf3 e5 7. O-O exd4 8. Nxd4
Nbd7 9. Re1 Ne5 10. Rb1 a6 11. Nc2 Be6 12. Ne3 Bh6 13. b3 Bxe3 14. Bxe3 Nfg4
15. Bf4 Qf6 16. Bg3 h5 17. Nd5 Bxd5 18. cxd5 h4 19. Bxg4 hxg3 20. hxg3 Kg7 21.
f4 Nxg4 22. Qxg4 Qd4+ 23. Kf1 Rh8 24. Qf3 Qd2 25. Kg1 Rh5 26. Rbc1 Re8 27. Qc3+
Qxc3 28. Rxc3 Rxd5 29. Rxc7 Rd2 30. Rxb7 Rc8 1/2-1/2

[Event "VIII Open Autunno"]
[Site "Robecchetto con Induno ITA"]
[Date "2011.10.20"]
[Round "1"]
[White "Barrera, Pietro"]
[Black "Santarelli, Sabatino"]
[Result "1-0"]
[WhiteElo "1876"]
[BlackElo "1616"]
[PlyCount "83"]
[EventDate "2011.10.20"]

1. d4 d5 2. Nf3 Nf6 3. c4 c6 4. Nc3 dxc4 5. e4 e6 6. Bxc4 Be7 7. O-O O-O 8. Qe2
Nbd7 9. a4 Qc7 10. Bg5 Re8 11. Rac1 Nf8 12. e5 N6d7 13. Ne4 h6 14. Bxe7 Rxe7
15. Nd6 Nb6 16. Bb3 Nd5 17. g3 Bd7 18. Rfd1 a6 19. Nh4 Qb6 20. Qf3 Nh7 21. Bxd5
cxd5 22. Qa3 Kf8 23. a5 Qd8 24. Nxb7 Qb8 25. Nd6 Ra7 26. Rc3 Rc7 27. Rdc1 Rxc3
28. Qxc3 g5 29. Nf3 Kg7 30. Ne1 Bb5 31. Ng2 Nf8 32. Ne3 Ng6 33. Ng4 Rd7 34.
Nxb5 Qxb5 35. Nf6 Rd8 36. Rc2 Rb8 37. Kg2 Ne7 38. Qd2 Nc6 39. h4 Qxa5 40. Qd3
Nxe5 41. dxe5 Rh8 42. Nh5+ 1-0

[Event "VIII Open Autunno"]
[Site "Robecchetto con Induno ITA"]
[Date "2011.10.20"]
[Round "1"]
[White "Libutti, Michele"]
[Black "Di Grazia, Stefano"]
[Result "1-0"]
[WhiteElo "1751"]
[BlackElo "1500"]
[PlyCount "54"]
[EventDate "2011.10.20"]

1. d4 d5 2. c4 Nf6 3. cxd5 Nxd5 4. e4 Nf6 5. Nc3 e6 6. Nf3 Be7 7. Bd3 c6 8. O-O
O-O 9. h3 Nbd7 10. e5 Nd5 11. Nxd5 exd5 12. Qc2 h6 13. Re1 Re8 14. Bh7+ Kh8 15.
e6 fxe6 16. Bg6 Rf8 17. Qe2 Rf6 18. Bc2 Bb4 19. Qd3 Nf8 20. Re2 Bd7 21. Ne5 Be8
22. Qg3 Bd6 23. f4 c5 24. Be3 Bh5 25. Rf2 Qe8 26. Qh4 Ng6 27. Qxh5 Bxe5 1-0

[Event "VIII Open Autunno"]
[Site "Robecchetto con Induno ITA"]
[Date "2011.10.20"]
[Round "1"]
[White "Loaldi, Davide"]
[Black "Testa, Loris"]
[Result "0-1"]
[WhiteElo "1603"]
[BlackElo "1845"]
[PlyCount "78"]
[EventDate "2011.10.20"]

1. d4 Nf6 2. Nf3 g6 3. e3 Bg7 4. Bd3 d6 5. O-O O-O 6. b3 c5 7. Bb2 Nc6 8. h3 a6
9. c3 b5 10. Nbd2 Qb6 11. e4 Nh5 12. dxc5 dxc5 13. Re1 Be6 14. Rb1 Rad8 15. Qc2
Nf4 16. Be2 Rd7 17. Rbd1 Rfd8 18. Ng5 Ne5 19. Nxe6 Qxe6 20. Nf3 Nxe2+ 21. Qxe2
Nxf3+ 22. Qxf3 Rxd1 23. Rxd1 Rxd1+ 24. Qxd1 Qxe4 25. Qd8+ Bf8 26. Qd1 e6 27.
Qc1 c4 28. bxc4 Qxc4 29. a3 Bc5 30. Qd2 Qd5 31. Qe1 Bd6 32. Kf1 Qd3+ 33. Kg1
Bc5 34. Kh2 Qc2 35. Ba1 Qxf2 36. Qe5 Qg1+ 37. Kg3 Bf2+ 38. Kf3 Bh4 39. c4 Qf2+
0-1

[Event "VIII Open Autunno"]
[Site "Robecchetto con Induno ITA"]
[Date "2011.10.20"]
[Round "1"]
[White "Marchesotti, Giovanni"]
[Black "Novi', Giuseppe"]
[Result "0-1"]
[WhiteElo "1599"]
[BlackElo "1829"]
[PlyCount "66"]
[EventDate "2011.10.20"]

1. f4 Nc6 2. Nf3 d6 3. d4 Bg4 4. e3 e6 5. Be2 Nf6 6. Nc3 Be7 7. Bd2 O-O 8. O-O
Ne8 9. d5 Nb8 10. Nd4 Bxe2 11. Qxe2 c5 12. dxc6 Nxc6 13. Nxc6 bxc6 14. Na4 Bf6
15. Bc3 Bxc3 16. Nxc3 Nf6 17. Rfd1 d5 18. g4 h6 19. g5 hxg5 20. fxg5 Nd7 21. h4
g6 22. Qg4 Qb6 23. Qh3 Kg7 24. Ne4 Rh8 25. Nf6 Nxf6 26. gxf6+ Kxf6 27. Rf1+ Kg7
28. Rf4 Qxb2 29. Raf1 Raf8 30. Rg4 Rh5 31. Rg5 Qxc2 32. Rg2 Qd3 33. Qf3 Rf5 0-1

[Event "VIII Open Autunno"]
[Site "Robecchetto con Induno ITA"]
[Date "2011.10.20"]
[Round "1"]
[White "Redamante, Marzio"]
[Black "Saccani, Ettore"]
[Result "0-1"]
[WhiteElo "1345"]
[BlackElo "1741"]
[PlyCount "50"]
[EventDate "2011.10.20"]

1. d4 Nf6 2. Bf4 g6 3. h3 Bg7 4. e3 O-O 5. c4 d6 6. Bd3 c5 7. Nf3 Nc6 8. Nc3
cxd4 9. exd4 Nxd4 10. Nxd4 e5 11. Bxe5 dxe5 12. Nde2 Be6 13. O-O Qb6 14. b3
Rad8 15. Qc2 e4 16. Bxe4 Nxe4 17. Qxe4 Bf5 18. Qf4 Rfe8 19. Rad1 Bd3 20. Rfe1
Bxe2 21. Nxe2 Rxd1 22. Rxd1 Rxe2 23. Rd7 Re1+ 24. Kh2 Be5 25. g3 Bxf4 0-1

[Event "VIII Open Autunno"]
[Site "Robecchetto con Induno ITA"]
[Date "2011.10.20"]
[Round "1"]
[White "Ruggeri, Igor"]
[Black "Macchiettini, Pierangelo"]
[Result "0-1"]
[WhiteElo "1510"]
[BlackElo "1756"]
[PlyCount "88"]
[EventDate "2011.10.20"]

1. d4 d5 2. c4 c6 3. Nf3 Nf6 4. Nc3 e6 5. e3 Be7 6. Bd3 Nbd7 7. O-O dxc4 8.
Bxc4 O-O 9. e4 Nb6 10. Bd3 g6 11. Bg5 Nh5 12. Qd2 Bxg5 13. Qxg5 Qxg5 14. Nxg5
Bd7 15. Rad1 Rad8 16. Be2 Ng7 17. e5 Bc8 18. Nge4 Nf5 19. Bg4 Nxd4 20. Nd6 Nf5
21. Nxc8 Nxc8 22. Ne4 Nfe7 23. Nf6+ Kg7 24. Nd7 Rh8 25. Bf3 Nd5 26. Nc5 b6 27.
Na4 Nce7 28. g3 c5 29. Rd2 Nc6 30. Re1 Rd7 31. Nc3 Nd4 32. Bg2 Rhd8 33. f4 Nxc3
34. bxc3 Nf3+ 35. Bxf3 Rxd2 36. Re2 Rxe2 37. Bxe2 Rd2 38. Bc4 Rc2 39. f5 gxf5
40. Bb3 Rxc3 41. Kg2 c4 42. Bd1 Rd3 43. Be2 Rd2 44. Kf3 c3 0-1

[Event "VIII Open Autunno"]
[Site "Robecchetto con Induno ITA"]
[Date "2011.10.20"]
[Round "1"]
[White "Rutigliano, Cesare"]
[Black "Koureas, Panicos"]
[Result "0-1"]
[WhiteElo "1717"]
[BlackElo "1314"]
[PlyCount "72"]
[EventDate "2011.10.20"]

1. e4 Nc6 2. d4 e5 3. d5 Nce7 4. f4 exf4 5. Bxf4 Ng6 6. Bg3 Bc5 7. Nc3 Nf6 8.
Bd3 O-O 9. Nf3 a6 10. h3 d6 11. Qd2 b5 12. O-O-O Bd7 13. Rhf1 b4 14. Ne2 c6 15.
e5 Nxd5 16. Bf2 Qb6 17. Bxc5 Qxc5 18. Rg1 Nxe5 19. Nxe5 dxe5 20. Kb1 Be6 21.
Qg5 Nf6 22. Rgf1 Qd5 23. Rxf6 Qxa2+ 24. Kc1 Qa1+ 25. Kd2 Qxb2 26. Ke1 e4 27.
Rxe6 exd3 28. Rxc6 dxe2 29. Kxe2 Rae8+ 30. Kf2 b3 31. Rd2 Qc1 32. Rb6 Qe1+ 33.
Kf3 b2 34. Rd1 Qe2+ 35. Kg3 Qxc2 36. Rd8 Qc7+ 0-1

[Event "VIII Open Autunno"]
[Site "Robecchetto con Induno ITA"]
[Date "2011.10.20"]
[Round "1"]
[White "Sartorio, Alessandro"]
[Black "Trenti, Alessandro"]
[Result "0-1"]
[WhiteElo "1275"]
[BlackElo "1641"]
[PlyCount "63"]
[EventDate "2011.10.20"]

1. c4 e5 2. e4 Nc6 3. Nf3 Nf6 4. Nc3 Bb4 5. d4 exd4 6. Nxd4 O-O 7. Bd3 Nxd4 8.
e5 Re8 9. Bf4 d6 10. O-O dxe5 11. Bg5 Bf5 12. Bxf5 Nxf5 13. Nd5 Be7 14. Re1
Nxd5 15. cxd5 Bxg5 16. Qd3 Nd4 17. Rad1 Qxd5 18. Re4 Rad8 19. f4 Bxf4 20. g3
Bg5 21. h4 Bf6 22. g4 Nf3+ 23. Qxf3 Qxd1+ 24. Qxd1 Rxd1+ 25. Kf2 Rd4 26. Re3
Bxh4+ 27. Kf3 Rf4+ 28. Ke2 e4 29. Rc3 c6 30. Rc4 Rxg4 31. Rd4 Rd8 32. Ke3 0-1

[Event "VIII Open Autunno"]
[Site "Robecchetto con Induno ITA"]
[Date "2011.10.20"]
[Round "1"]
[White "Turini, Gianluca"]
[Black "Turchi, Alessandro"]
[Result "1-0"]
[WhiteElo "1837"]
[BlackElo "1602"]
[PlyCount "113"]
[EventDate "2011.10.20"]

1. d4 d5 2. c4 dxc4 3. Nc3 Nf6 4. e4 e6 5. Bxc4 c5 6. Nf3 cxd4 7. Nxd4 a6 8. a3
e5 9. Nf3 Qxd1+ 10. Nxd1 b5 11. Ba2 Nbd7 12. Ng5 h6 13. Nxf7 Rh7 14. f4 Bb7 15.
fxe5 Nxe4 16. O-O Ndc5 17. Be3 g5 18. Nf2 a5 19. Nxe4 Nxe4 20. Rac1 Rc8 21.
Rxc8+ Bxc8 22. Bd5 Be7 23. Bxe4 Rxf7 24. Bg6 Be6 25. Bb6 a4 26. h3 Bc4 27. Rf2
b4 28. axb4 Bxb4 29. Rf6 Ke7 30. Bxf7 Bxf7 31. Rxh6 Bd2 32. Rd6 Bf4 33. Bd4 Bg3
34. Ra6 Bb3 35. Be3 Bxe5 36. Bxg5+ Kf7 37. Be3 Bxb2 38. Bc5 Be5 39. g4 Bg3 40.
Bf2 Be5 41. h4 Bc3 42. Kh2 Be5+ 43. Bg3 Bc3 44. Kh3 Bf6 45. h5 Bg5 46. Bf2 Bc2
47. Bd4 Be7 48. Ra7 Ke6 49. Bb2 Bg5 50. Ra6+ Kf7 51. h6 Kg8 52. Bg7 Be7 53. Kg3
Ba3 54. g5 Be7 55. g6 Bf8 56. Ra8 Bxg6 57. Rxf8+ 1-0

[Event "VIII Open Autunno"]
[Site "Robecchetto con Induno ITA"]
[Date "2011.10.27"]
[Round "2"]
[White "Di Grazia, Stefano"]
[Black "Loaldi, Davide"]
[Result "1/2-1/2"]
[WhiteElo "1500"]
[BlackElo "1603"]
[PlyCount "96"]
[EventDate "2011.10.20"]

1. e4 c5 2. Nf3 Nc6 3. e5 g6 4. c3 Bg7 5. d4 cxd4 6. cxd4 a6 7. a4 d6 8. exd6
Qxd6 9. d5 Nb4 10. Bc4 Nf6 11. Nc3 O-O 12. O-O Rd8 13. Bg5 Bf5 14. Re1 Nc2 15.
Nd4 Nxd4 16. Qxd4 Ng4 17. Qf4 Qxf4 18. Bxf4 Kf8 19. h3 Nf6 20. Re2 Nd7 21. Rae1
Re8 22. Bg5 f6 23. Bf4 Nc5 24. d6 e6 25. g4 Bd3 26. Bxd3 Nxd3 27. d7 Red8 28.
Bd6+ Kf7 29. Rd1 Ne5 30. Bc7 Rxd7 31. Rxd7+ Nxd7 32. Ne4 Bf8 33. Bd6 Rc8 34.
Bxf8 Kxf8 35. Nd6 Rc1+ 36. Kg2 Ke7 37. Nxb7 Ne5 38. Na5 Nd3 39. Kg3 e5 40. Rd2
Nc5 41. f3 Nxa4 42. b3 Nb6 43. Rd3 Rc5 44. b4 Rd5 45. Rc3 Kd7 46. Nb7 Ke7 47.
Rc7+ Rd7 48. Rxd7+ Nxd7 1/2-1/2

[Event "VIII Open Autunno"]
[Site "Robecchetto con Induno ITA"]
[Date "2011.10.27"]
[Round "2"]
[White "Koureas, Panicos"]
[Black "Alberio, Silvio"]
[Result "0-1"]
[WhiteElo "1314"]
[BlackElo "1763"]
[PlyCount "122"]
[EventDate "2011.10.20"]

1. d4 Nf6 2. Nf3 g6 3. e3 d5 4. Bd3 Bg7 5. O-O O-O 6. b3 c5 7. Nbd2 cxd4 8.
exd4 Nc6 9. Bb2 Nb4 10. Be2 Bf5 11. Ne1 Rc8 12. c3 Nc6 13. Rc1 Bh6 14. Nef3 Qd6
15. a4 Ne4 16. Ra1 Na5 17. Nxe4 Bxe4 18. Ba3 Qc7 19. Bb4 a6 20. Bxa5 Qxa5 21.
b4 Qc7 22. Ra3 Qd6 23. Ne5 a5 24. Ng4 Bg5 25. f3 Bf5 26. Bd3 axb4 27. Bxf5 gxf5
28. cxb4 fxg4 29. f4 Bh6 30. Qxg4+ Kh8 31. Rh3 Rg8 32. Qh5 Qg6 33. Qxg6 Rxg6
34. f5 Rf6 35. b5 Rc1 36. g4 Rxf1+ 37. Kxf1 e6 38. Rg3 Bf8 39. Rc3 Bb4 40. Rc7
b6 41. Rc6 Ba5 42. Rc8+ Kg7 43. Ke2 exf5 44. g5 Re6+ 45. Kf3 Re4 46. Rc6 Rxd4
47. Rf6 f4 48. h4 Rxa4 49. h5 Re4 50. h6+ Kf8 51. Rd6 Re6 52. Rxd5 Bb4 53. Rd8+
Re8 54. Rd4 Re5 55. Rxb4 Rxg5 56. Rxf4 Rg6 57. Ra4 Rxh6 58. Ra8+ Kg7 59. Rd8
Rh5 60. Kf4 Rxb5 61. Rd6 h6 0-1

[Event "VIII Open Autunno"]
[Site "Robecchetto con Induno ITA"]
[Date "2011.10.27"]
[Round "2"]
[White "Macchiettini, Pierangelo"]
[Black "Barrera, Pietro"]
[Result "1/2-1/2"]
[WhiteElo "1756"]
[BlackElo "1876"]
[PlyCount "71"]
[EventDate "2011.10.20"]

1. d4 g6 2. c4 Bg7 3. Nc3 d6 4. e4 Nd7 5. Nf3 a6 6. Be2 b6 7. Qc2 Bb7 8. Be3 e6
9. b3 Ne7 10. O-O O-O 11. Bd3 Nc6 12. a3 Qe7 13. d5 Nce5 14. Be2 Nxf3+ 15. Bxf3
e5 16. b4 f5 17. exf5 gxf5 18. Rae1 Qh4 19. Qc1 h6 20. Be2 Qf6 21. Bd2 Rae8 22.
Bh5 Re7 23. Bd1 Bc8 24. f4 e4 25. Ne2 Qh4 26. Be3 Qf6 27. Bd4 Qg6 28. Be3 Bf6
29. Nd4 Rg7 30. Re2 Bxd4 31. Bxd4 Nf6 32. Bxf6 Rxf6 33. Qe3 Qf7 34. Rc2 Rfg6
35. Bh5 Rxg2+ 36. Rxg2 1/2-1/2

[Event "VIII Open Autunno"]
[Site "Robecchetto con Induno ITA"]
[Date "2011.10.27"]
[Round "2"]
[White "Novi', Giuseppe"]
[Black "Trenti, Alessandro"]
[Result "1-0"]
[WhiteElo "1829"]
[BlackElo "1641"]
[PlyCount "113"]
[EventDate "2011.10.20"]

1. e4 c5 2. Nf3 Nc6 3. Bc4 e6 4. c3 d5 5. exd5 exd5 6. Be2 Bg4 7. O-O Nf6 8.
Re1 Be7 9. d4 cxd4 10. Nxd4 Bxe2 11. Rxe2 O-O 12. Be3 Re8 13. Nd2 a6 14. Nf1
Qc7 15. Ng3 Bd6 16. Ndf5 Bf4 17. Bd4 Rxe2 18. Qxe2 Nxd4 19. Nxd4 Bxg3 20. fxg3
Re8 21. Qf3 Qe5 22. h3 h6 23. Rf1 b5 24. Nf5 Re6 25. Nd4 Re8 26. Kh2 Qe4 27.
Qd1 Nd7 28. Rf4 Qe5 29. Rf5 Qe4 30. Qf1 Nf6 31. Rf4 Qe5 32. a4 bxa4 33. Qxa6
Rb8 34. Nc6 Qe8 35. Nxb8 Qxb8 36. Rb4 Qe5 37. Rxa4 Ne4 38. Qc8+ Kh7 39. Qg4 Qb8
40. Rb4 Qd6 41. Qf4 Qe6 42. Rb7 f5 43. Qc7 Qf6 44. Rb6 Qg5 45. Qf4 Qh5 46. Re6
Qf7 47. Re5 g6 48. g4 Nd6 49. Qe3 Ne4 50. gxf5 gxf5 51. g3 Qb7 52. b4 Qa6 53.
Rxf5 Qa2+ 54. Kg1 Qb1+ 55. Rf1 Qc2 56. Qa7+ Kg6 57. Qf7+ 1-0

[Event "VIII Open Autunno"]
[Site "Robecchetto con Induno ITA"]
[Date "2011.10.27"]
[Round "2"]
[White "Puricelli, Giancarlo"]
[Black "Melino, Gianluca"]
[Result "0-1"]
[WhiteElo "1586"]
[BlackElo "1742"]
[PlyCount "70"]
[EventDate "2011.10.20"]

1. d4 g6 2. Nf3 Bg7 3. e4 d6 4. Bd3 e5 5. dxe5 dxe5 6. O-O Ne7 7. Be3 O-O 8.
Nc3 c6 9. Qe2 Qc7 10. a4 h6 11. b4 Bg4 12. h3 Be6 13. Rad1 Nd7 14. Bc4 Bxc4 15.
Qxc4 Kh7 16. Nd5 Nxd5 17. exd5 Nb6 18. Bxb6 axb6 19. b5 c5 20. d6 Qd7 21. Rd5
Qe6 22. Rfd1 e4 23. Re1 f5 24. Qb3 Rxa4 25. Qxa4 Qxd5 26. c4 Qxd6 27. Rd1 Bd4
28. Ne1 Qf4 29. Nc2 Qxf2+ 30. Kh1 Rd8 31. Qb3 e3 32. Re1 f4 33. Qd3 Bf6 34. Qe4
Rd2 35. Nxe3 Qxe1+ 0-1

[Event "VIII Open Autunno"]
[Site "Robecchetto con Induno ITA"]
[Date "2011.10.27"]
[Round "2"]
[White "Saccani, Ettore"]
[Black "Turini, Gianluca"]
[Result "0-1"]
[WhiteElo "1741"]
[BlackElo "1837"]
[PlyCount "76"]
[EventDate "2011.10.20"]

1. e4 c6 2. d4 d5 3. Nc3 dxe4 4. Nxe4 Bf5 5. Ng3 Bg6 6. Nf3 Nd7 7. Bc4 e6 8.
O-O Ngf6 9. Re1 b5 10. Bb3 a5 11. a4 b4 12. Bf4 Nd5 13. Bg5 Qb6 14. Qe2 Bd6 15.
Rad1 O-O 16. Ne4 Qc7 17. Nxd6 Qxd6 18. Nh4 N7b6 19. Nxg6 hxg6 20. Qf3 c5 21.
Bxd5 Nxd5 22. c4 bxc3 23. bxc3 c4 24. Re4 Qa3 25. Rc1 Qxa4 26. Qh3 Qc6 27. Rce1
Rae8 28. Bc1 f5 29. Rh4 Kf7 30. Qg3 Qc7 31. Re5 Rh8 32. Rxh8 Rxh8 33. Ba3 Rb8
34. h3 Rb3 35. Bd6 Qd7 36. Rxd5 exd5 37. Bc5 a4 38. Qf3 a3 0-1

[Event "VIII Open Autunno"]
[Site "Robecchetto con Induno ITA"]
[Date "2011.10.27"]
[Round "2"]
[White "Santarelli, Sabatino"]
[Black "Redamante, Marzio"]
[Result "1-0"]
[WhiteElo "1616"]
[BlackElo "1345"]
[PlyCount "117"]
[EventDate "2011.10.20"]

1. e4 c6 2. d4 d5 3. e5 Bf5 4. Ne2 e6 5. Ng3 Bg6 6. Bd3 Bxd3 7. Qxd3 Ne7 8. O-O
Ng6 9. f4 Be7 10. Nc3 Nd7 11. Nce2 O-O 12. Bd2 Qb6 13. Rab1 c5 14. c3 cxd4 15.
cxd4 Rac8 16. h3 Rc4 17. b3 Rc7 18. Nc3 a6 19. Kh2 f5 20. Nge2 Rfc8 21. Na4 Qa7
22. Rfc1 b5 23. Rxc7 Rxc7 24. Nac3 b4 25. Na4 a5 26. Ng1 Nh4 27. Ne2 h6 28. Rc1
Kf7 29. g4 Rxc1 30. Bxc1 fxg4 31. hxg4 Qc7 32. Kh3 Ng6 33. f5 exf5 34. gxf5
Ngxe5 35. dxe5 Qxe5 36. Bb2 Qd6 37. Qg3 Qxg3+ 38. Nxg3 Bg5 39. Nh5 g6 40. fxg6+
Kxg6 41. Kg4 Be3 42. Nf4+ Bxf4 43. Kxf4 h5 44. Bd4 h4 45. Kg4 h3 46. Kxh3 Kf5
47. Kg3 Ke4 48. Bf2 Kd3 49. Kf4 d4 50. Bg1 Nf6 51. Nc5+ Kc3 52. Na4+ Kd3 53.
Ke5 Ng4+ 54. Kd5 Ne3+ 55. Kc5 Kc2 56. Kxd4 Kb1 57. Bxe3 Kxa2 58. Kc4 Ka3 59.
Bb6 1-0

[Event "VIII Open Autunno"]
[Site "Robecchetto con Induno ITA"]
[Date "2011.10.27"]
[Round "2"]
[White "Testa, Loris"]
[Black "Libutti, Michele"]
[Result "1-0"]
[WhiteElo "1845"]
[BlackElo "1751"]
[PlyCount "87"]
[EventDate "2011.10.20"]

1. e4 c6 2. d3 d5 3. exd5 cxd5 4. Nf3 Nc6 5. Be2 Nf6 6. O-O e6 7. b3 Bd6 8. Bb2
O-O 9. d4 Qc7 10. Nbd2 Re8 11. Rc1 Nb4 12. a3 Na2 13. Ra1 Nc3 14. Bxc3 Qxc3 15.
Re1 Bd7 16. Bd3 Rac8 17. Re3 Qc7 18. Ne5 Qb6 19. Nxd7 Nxd7 20. Rh3 Nf6 21.
Bxh7+ Nxh7 22. Qh5 Qxd4 23. Qxh7+ Kf8 24. Rd1 Bf4 25. Rd3 Qf6 26. c4 Qh6 27.
Qxh6 Bxh6 28. cxd5 exd5 29. Nf3 Red8 30. g4 Bf4 31. Rxd5 Rxd5 32. Rxd5 Rc3 33.
Nd4 Ke7 34. Ne2 Rc1+ 35. Nxc1 Bxc1 36. a4 b6 37. a5 Ba3 38. a6 Bc5 39. Kg2 Ke6
40. Rd8 f5 41. gxf5+ Kxf5 42. Rd7 Kf6 43. Rxa7 g6 44. Rc7 1-0

[Event "VIII Open Autunno"]
[Site "Robecchetto con Induno ITA"]
[Date "2011.10.27"]
[Round "2"]
[White "Turchi, Alessandro"]
[Black "Rutigliano, Cesare"]
[Result "0-1"]
[WhiteElo "1602"]
[BlackElo "1717"]
[PlyCount "150"]
[EventDate "2011.10.20"]

1. d4 Nf6 2. c4 c5 3. d5 b5 4. Nc3 b4 5. Na4 d6 6. b3 g6 7. Bb2 Bf5 8. f3 Bg7
9. e4 Bd7 10. Bd3 Bxa4 11. bxa4 Qa5 12. Qb3 Nbd7 13. Nh3 Nb6 14. Bc2 Qa6 15.
O-O Qxc4 16. a5 Qxb3 17. axb3 Nbd7 18. f4 O-O 19. Bd3 Ng4 20. Bxg7 Kxg7 21.
Rae1 Rab8 22. Ng5 h6 23. Nf3 Rfd8 24. Nd2 Ngf6 25. Bc4 Ne8 26. e5 dxe5 27. fxe5
Nf8 28. h4 Nh7 29. Rf2 Rb7 30. Ne4 Rc7 31. g4 f6 32. e6 Nd6 33. Nxd6 Rxd6 34.
Ref1 Rc8 35. Kg2 Rf8 36. Kh3 Rdd8 37. a6 Rh8 38. Ra1 h5 39. g5 Rhf8 40. gxf6+
Rxf6 41. Rg2 Rf3+ 42. Kh2 Nf6 43. Kg1 Nxd5 44. Rd1 Rd6 45. Bxd5 Rf5 46. Rgd2
Rxa6 47. Bc4 Ra3 48. Rd7 Kf6 49. Rd8 Rf4 50. Rf8+ Ke5 51. Rxf4 Kxf4 52. Rf1+
Kg3 53. Re1 a5 54. Re3+ Kf4 55. Re1 a4 56. Rf1+ Kg3 57. Bd5 Kxh4 58. Rb1 axb3
59. Bxb3 Kg3 60. Bc4 Rc3 61. Bd5 h4 62. Kf1 h3 63. Rb2 Rc1+ 64. Ke2 h2 65. Ke3
h1=Q 66. Bxh1 Rxh1 67. Kd3 Re1 68. Kc4 Rxe6 69. Kxc5 Re4 70. Kd5 Kf3 71. Rb1
e6+ 72. Kc5 g5 73. Rf1+ Kg4 74. Rg1+ Kf5 75. Rb1 g4 0-1

[Event "VIII Open Autunno"]
[Site "Robecchetto con Induno ITA"]
[Date "2011.10.27"]
[Round "2"]
[White "Volpe, Antonio"]
[Black "Marchesotti, Giovanni"]
[Result "1-0"]
[WhiteElo "1716"]
[BlackElo "1599"]
[PlyCount "77"]
[EventDate "2011.10.20"]

1. e4 d6 2. f4 Nf6 3. Nc3 g6 4. Nf3 Bg4 5. Bc4 c6 6. e5 dxe5 7. fxe5 Nd5 8. O-O
Nd7 9. d4 Qb6 10. Kh1 e6 11. Bxd5 exd5 12. h3 Be6 13. Ng5 Be7 14. Rb1 h6 15.
Nxe6 fxe6 16. Qg4 Nf8 17. Rxf8+ Rxf8 18. Qxg6+ Kd7 19. Bxh6 Rh8 20. Be3 Raf8
21. Ne2 Qa6 22. Nf4 Rxf4 23. Bxf4 Rf8 24. g3 Qe2 25. Qd3 Qh5 26. Kg2 Bg5 27.
Rf1 Bxf4 28. Rxf4 Rxf4 29. gxf4 Qh6 30. Qg3 Qh7 31. Qf2 Qf5 32. c3 a5 33. a4 b5
34. axb5 cxb5 35. h4 b4 36. cxb4 axb4 37. Kh2 b3 38. Kg3 Qg6+ 39. Kh2 1-0

[Event "VIII Open Autunno"]
[Site "Robecchetto con Induno ITA"]
[Date "2011.11.03"]
[Round "3"]
[White "Alberio, Silvio"]
[Black "Macchiettini, Pierangelo"]
[Result "1/2-1/2"]
[WhiteElo "1763"]
[BlackElo "1756"]
[PlyCount "58"]
[EventDate "2011.10.20"]

1. d4 d5 2. c4 e6 3. Nc3 Nf6 4. cxd5 exd5 5. Bg5 c6 6. Qc2 Be7 7. e3 h6 8. Bh4
Nbd7 9. Bd3 Nh5 10. Bxe7 Qxe7 11. Nge2 Nhf6 12. O-O-O O-O 13. Ng3 Nb6 14. Kb1
Bg4 15. f3 Be6 16. Rhe1 Rad8 17. Nge2 Bc8 18. Ng3 Rfe8 19. h3 Qd6 20. Qf2 Qb4
21. a3 Qd6 22. Ka2 Be6 23. Nge2 Nc4 24. Nf4 Bc8 25. Bxc4 dxc4 26. g4 b5 27. d5
Bb7 28. dxc6 Qxc6 29. e4 Nd7 1/2-1/2

[Event "VIII Open Autunno"]
[Site "Robecchetto con Induno ITA"]
[Date "2011.11.03"]
[Round "3"]
[White "Barrera, Pietro"]
[Black "Novi', Giuseppe"]
[Result "1-0"]
[WhiteElo "1876"]
[BlackElo "1829"]
[PlyCount "89"]
[EventDate "2011.10.20"]

1. d4 e6 2. Nf3 c5 3. e3 Nf6 4. Bd3 Nc6 5. c3 cxd4 6. exd4 Be7 7. O-O O-O 8.
Nbd2 b6 9. Re1 Bb7 10. Nf1 Qc7 11. Ng3 Rac8 12. Bg5 Nd5 13. Bxe7 Ncxe7 14. Ng5
f5 15. Rc1 Nf4 16. Bf1 h6 17. Nf3 Neg6 18. c4 Qc6 19. b4 Nh3+ 20. gxh3 Qxf3 21.
Qxf3 Bxf3 22. Rc3 Nh4 23. Rec1 Bb7 24. Be2 Rf6 25. f4 Ng6 26. Nh5 Rff8 27. Rg3
Kf7 28. Kf2 Rg8 29. Rcg1 Nf8 30. Rxg7+ Rxg7 31. Rxg7+ Ke8 32. Nf6+ Kd8 33. Nh7
Kc7 34. Bf3 Bxf3 35. Kxf3 Kd6 36. c5+ bxc5 37. dxc5+ Kc6 38. Rg8 a5 39. Rxf8
Rxf8 40. Nxf8 axb4 41. Ke3 Kxc5 42. Nxd7+ Kc4 43. Ne5+ Kc3 44. Nd3 h5 45. h4
1-0

[Event "VIII Open Autunno"]
[Site "Robecchetto con Induno ITA"]
[Date "2011.11.03"]
[Round "3"]
[White "Libutti, Michele"]
[Black "Santarelli, Sabatino"]
[Result "1/2-1/2"]
[WhiteElo "1751"]
[BlackElo "1616"]
[PlyCount "86"]
[EventDate "2011.10.20"]

1. d4 g6 2. c4 Nf6 3. Nc3 Bg7 4. e4 d6 5. Nf3 Bg4 6. Be2 Nbd7 7. h3 Bxf3 8.
Bxf3 c6 9. O-O O-O 10. Be3 Nb6 11. Be2 Qc7 12. Rc1 Nfd7 13. c5 dxc5 14. dxc5
Nc8 15. f4 Rd8 16. Qc2 e6 17. f5 exf5 18. exf5 Re8 19. Bf4 Qa5 20. Na4 Ne7 21.
fxg6 Nxg6 22. Bd2 Qc7 23. Bd3 Nde5 24. Bf5 Rad8 25. Bc3 Qe7 26. Rce1 Qg5 27.
Bxg6 hxg6 28. b3 Re6 29. Nb2 Qg3 30. Ba5 Rde8 31. Rd1 Bh6 32. Bd2 Be3+ 33. Bxe3
Qxe3+ 34. Qf2 Qxf2+ 35. Rxf2 Kg7 36. b4 a6 37. g4 Rh8 38. Kg2 Rhe8 39. Rdd2 Kh6
40. Kg3 Kg7 41. Kg2 Kh6 42. Kf1 Kg5 43. Kg2 Kh6 1/2-1/2

[Event "VIII Open Autunno"]
[Site "Robecchetto con Induno ITA"]
[Date "2011.11.03"]
[Round "3"]
[White "Loaldi, Davide"]
[Black "Puricelli, Giancarlo"]
[Result "0-1"]
[WhiteElo "1603"]
[BlackElo "1586"]
[PlyCount "101"]
[EventDate "2011.10.20"]

1. e4 d6 2. d4 Nf6 3. Nc3 g6 4. Nf3 Bg7 5. Bg5 O-O 6. Be2 h6 7. Bf4 a6 8. a4
Nbd7 9. Qd2 Kh7 10. h3 Re8 11. Bc4 e6 12. O-O Nb6 13. Bb3 d5 14. e5 Ne4 15. Qd3
c5 16. Qe3 c4 17. Ba2 Nxc3 18. bxc3 Nxa4 19. Bxc4 dxc4 20. Rxa4 b5 21. Raa1 Bb7
22. Nd2 Bd5 23. Ne4 Bxe4 24. Qxe4 Qd5 25. Qe3 Red8 26. Rfe1 a5 27. g4 b4 28.
cxb4 axb4 29. c3 Rxa1 30. Rxa1 bxc3 31. Qxc3 Qxd4 32. Qxd4 Rxd4 33. Bg3 c3 34.
Ra2 Bf8 35. f3 Rb4 36. Kf1 Rb2 37. Ra7 Kg7 38. Bf4 Rb1+ 39. Kg2 Bc5 40. Rc7 Bd4
41. Rc4 g5 42. Bxg5 Rg1+ 43. Kh2 hxg5 44. Rxd4 c2 45. Rc4 c1=Q 46. Rxc1 Rxc1
47. Kg3 Rc5 48. Kf2 f6 49. exf6+ Kxf6 50. Ke2 Ke5 51. f4+ 0-1

[Event "VIII Open Autunno"]
[Site "Robecchetto con Induno ITA"]
[Date "2011.11.03"]
[Round "3"]
[White "Melino, Gianluca"]
[Black "Sartorio, Alessandro"]
[Result "1-0"]
[WhiteElo "1742"]
[BlackElo "1275"]
[PlyCount "83"]
[EventDate "2011.10.20"]

1. d4 Nf6 2. Nf3 g6 3. e3 Bg7 4. Bd3 d6 5. O-O O-O 6. b3 Nbd7 7. Bb2 e5 8. dxe5
dxe5 9. Nbd2 Re8 10. Be2 e4 11. Nd4 Nd5 12. Rb1 a6 13. c4 Nb4 14. a3 Nc6 15.
Nxc6 bxc6 16. Bxg7 Kxg7 17. Qc2 Nf6 18. Rfd1 Qe7 19. Qb2 Kg8 20. Nf1 Bg4 21. f3
exf3 22. gxf3 Bh3 23. e4 Nxe4 24. fxe4 Qxe4 25. Bd3 Qg4+ 26. Ng3 Qf3 27. Qf2
Re3 28. Qxf3 Rxf3 29. Be4 Re3 30. Bxc6 Rae8 31. Bxe8 Rxe8 32. Re1 Rd8 33. Rbd1
Rb8 34. Re3 f5 35. Nh5 Bg4 36. Nf6+ Kg7 37. Nxg4 fxg4 38. Re7+ Kh6 39. Rd3 c5
40. Rc7 g5 41. Rd6+ Kh5 42. Rxh7# 1-0